000 00709nam a22002417a 4500
999 _c6741
_d6741
003 AR-CdUCM
008 190225b ||||| |||| 00| 0 spa d
020 _a8482801880
040 _aMUNICIPALIDAD PROVINCIAL DEL CUSCO
_cBIBLIOTECA MUNICIPAL DEL CUSCO
041 _hger
082 _a082 /
_bG57
100 _aGoethe, Johann Wolfgang von
_92911
245 _aFausto /
260 _aLima :
_bUniverso,
_c1972.
300 _a2 t. ;
_c17 cm.
440 _aColección de Autores Clasicos
_n31-32
_918982
650 _aTeatro aleman
_93489
650 _aTeatro siglo XVIII
_93490
650 _aTragedia
_9559
700 _aRovinalta Borrell, José (Traductor)
_918983
942 _2ddc
_cLIBROS
945 _araen